All Tony Hawk Levels Quiz - Statistics

General Stats
  • This quiz has been taken 143 times
  • The average score is 56 of 97
Answer Stats
Hint Answer % Correct
THPS 1 School
96%
THPS 1 Warehouse
90%
THPS 2 School II
88%
THPS 3 (PS1/N64) Downhill
85%
THPS 2 Hangar
85%
THPS 1 Mall
85%
THPS 1 Chicago
84%
THPS 4 Chicago
84%
THPS 2 New York City
84%
THPS 2 Philadelphia
81%
Proving Ground Philadelphia
81%
THPS 3 Canada
79%
THPS 1 Downhill Jam
79%
THUG New Jersey
76%
THUG Hawaii
75%
THPS 1 Roswell
75%
THPS 1 Downtown Minneapolis
74%
American Wasteland East Los Angeles
74%
THPS 4 London
74%
THUG Manhattan
74%
Project 8 Suburbia/Suburbs
74%
THPS 2 Venice Beach
74%
THUG 2 Boston
72%
Project 8 Crete Park/Skate Park
72%
American Wasteland Downtown Los Angeles
72%
THPS 3 Airport
71%
THUG 2 Berlin
71%
THPS 3 Foundry
71%
THPS 3 Los Angeles
71%
THPS 4 San Francisco
71%
THPS 1 Streets
71%
THPS 3 Tokyo
71%
THUG 2 Barcelona
69%
THPS 2 Bullring
69%
THPS 2 Marseille
69%
THUG Moscow
69%
THUG Tampa
69%
THPS 2x Tampa Skate Park
69%
THPS 4 College
68%
THPS 3 Rio
68%
THPS 2 Skate Heaven
66%
THPS 3 Suburbia
65%
THUG 2 Australia
63%
Project 8 Main Street/Downtown
63%
THUG San Diego
63%
THPS 1 Burnside
62%
THUG Vancouver
62%
THPS 4 Alcatraz
60%
THUG 2 New Orleans
60%
Tony Hawk 5 School III
60%
THUG 2 Skateopia
60%
THPS 2 Chopper Drop
59%
THPS 4 Zoo
57%
THPS 3 Cruise Ship
56%
American Wasteland Hollywood
56%
THPS 4 Kona
56%
THUG Hotter Than Hell
53%
THPS 4 Shipyard
53%
THPS 3 Skater Island
53%
THPS 4 Carnival
51%
THPS 3 (XBOX) Oil Rig
51%
American Wasteland Oil Rig
51%
THPS 2 Skatestreet
51%
THUG Slam City Jam
51%
American Wasteland Beverly Hills
47%
THUG 2 REMIX Santa Cruz
47%
American Wasteland Santa Monica
47%
THUG 2 REMIX Kyoto
46%
Proving Ground Washington D.C
46%
Project 8 Factory/Car Factory
44%
American Wasteland Skate Ranch
44%
American Wasteland Vans Skatepark
44%
Proving Ground Baltimore
43%
American Wasteland Casino
43%
THUG 2 Pro Skater
40%
Tony Hawk 5 Rooftops
40%
AW Classic Exclusive The Ruins
40%
THUG 2 Triangle
40%
Project 8 Fun Park
37%
THPS 4 (PS1) The Sewers
35%
THPS 2x Club
34%
THPS 4 (PS1) Little Big World
34%
THPS 2x Construction Site
32%
Project 8 High School
32%
THPS 2x Subway
32%
Project 8 The Capitol/City Center
32%
Tony Hawk 5 Mega Park
31%
THPS 2x Sky Lines
31%
Tony Hawk 5 Wild West
31%
THPS 2 (N64) Hoffman Factory
29%
Tony Hawk 5 Mountain
29%
Project 8 Slums
29%
Tony Hawk 5 The Berrics
29%
Tony Hawk 5 The Underground
29%
Tony Hawk 5 Asteroid Belt
28%
Tony Hawk 5 Bonfire Beach
28%
Tony Hawk 5 The Bunker
26%
No matching quizzes found
Score Distribution
Percent of People with Each Score
Percentile by Number Answered
Your Score History
You have not taken this quiz